000 00958cam a22003017a 4500
003 CHAP
005 20220329134520.0
008 971013s1971 r 00010 d
010 _a21456
011 _a22428
035 _a26523
040 _cCHAP
082 _a595.78
_bC5
100 0 0 _aClarke, John Frederick Gates.
_923656
245 1 4 _aThe lepidoptera of Rapa Island
260 _aWashington :
_bSmithsonia Institution,
_c1971
300 _a282 p.
_b: ilus.
490 0 _aSmithsonian contributions to zoology
_v; 56
590 _aBATCH-UPD
_b10
_c20130110
_lUCH01
_h1629
590 _aBATCH-UPD
_b10
_c20130410
_lUCH01
_h1022
590 _aBATCH-UPD
_b10
_c20130914
_lUCH01
_h1014
590 _aCONVERSION
_b10
_c20130109
_lUCH01
_h1313
650 1 4 _aLepidópteros.
_966252
830 0 _aSmithsonian contributions to zoology
_v; 56
_9107173
901 _aBK
942 _cLIBRO
949 _a595.78 C5
_bBC
_cLIBRO
_d33724000368122
_eLIBRO
_h16280
_i26523
_mD
_si
999 _c21456
_d21456